Salud animal en las americas, 1979; peste porcina africana /

Guardado en:
Autor Principal: Organizacion Panamericana De La Salud Washington
Formato: Libro
Publicado: Washington : , 1980
Materias:
Etiquetas: Agregar Etiqueta
Sin Etiquetas, Sea el primero en etiquetar este registro!
LEADER 00730nam a22002055a 4500
001 CEM.cems016040
005 20110823140349.0
008 130507s1980##################000#0#####d
003 CEMS
082 0 4 |a 636.0894 
100 1 |a Organizacion Panamericana De La Salud Washington 
245 1 0 |a Salud animal en las americas, 1979; peste porcina africana /  |c Rganizacion Panamericana de La Salud Washington, 
260 |a Washington :  |b ,  |c 1980 
300 |a 139 
653 |a Ganadería 
653 |a Porcionos-peste africana 
653 |a Porcinos-enfermedades 
653 |a Veterinaria 
859 |a CEMS  |b BIB. CEMS - Agricultura  |h 636.0894  |i OR14/1979  |p A12287.83  |t Ej.2 
859 |a CEMS  |b BIB. CEMS - Agricultura  |h 636.0894  |i OR14/1979  |p A12288.83  |t Ej.1